'O' level made simple : (Record no. 77996)

MARC details
000 -LEADER
fixed length control field 00626nam a22001937a 4500
005 - DATE AND TIME OF LATEST TRANSACTION
control field 20130724104311.0
010 ## - LCCN (DPL NO)
LC control number ENG-108130
020 ## - INTERNATIONAL STANDARD BOOK NUMBER
International Standard Book Number 9788183334211
Terms of availability 330.00
035 ## - SYSTEM CONTROL NUMBER
System control number EN-91663
037 ## - SOURCE OF ACQUISITION
Source of stock number/acquisition DBAD/PUB
100 ## - MAIN ENTRY--PERSONAL NAME
Personal name Jain, Satish
245 ## - TITLE STATEMENT
Title 'O' level made simple :
Statement of responsibility, etc by Satish Jain, Shashi Singh [and] M. Geetha Iyer
Remainder of title programming and problem solving through 'C' language /
260 ## - PUBLICATION, DISTRIBUTION, ETC. (IMPRINT)
Place of publication, distribution, etc New Delhi
Name of publisher, distributor, etc BPB publications
Date of publication, distribution, etc 2012
270 ## - ADDRESS
City New Delhi
Postal code 110001
Address B-14, Connaught Place
300 ## - PHYSICAL DESCRIPTION
Extent xiv,386p. :
Dimensions 24cm(pbk)
Other physical details ill
Accompanying material 1 CD-Rom
700 ## - ADDED ENTRY--PERSONAL NAME
Personal name Shashi Singh
700 ## - ADDED ENTRY--PERSONAL NAME
Personal name Iyer, M. Geetha
942 ## - ADDED ENTRY ELEMENTS (KOHA)
Source of classification or shelving scheme Dewey Decimal Classification
Item type English Books
Call number suffix JAI
Holdings
Withdrawn status Lost status Not for loan Collection code Home library Current library Date acquired Source of acquisition Cost, normal purchase price Full call number Barcode Copy number Cost, replacement price Koha item type
    Not For Loan Non-fiction D.B.Act.Division D.B.Act.Division 24/07/2013 DBAD/PUB 330.00 JAI EN-91663 1 330.00 English Books

© Delhi Public Library
Hit Counter
free hit counter